banner koha

Integração total (Registro n. 330911)

MARC details
000 -LÍDER
fixed length control field 00933nab a2200289 4500
003 - CÓDIGO MARC DA AGÊNCIA CATALOGADORA
Campo de controle BR-BrBNA
005 - DATA E HORA DA ÚLTIMA ATUALIZAÇÃO
Campo de controle 20250408120340.0
008 - CAMPO DE TAMANHO FIXO
fixed length control field 250408b bl.||||| |||| 00| 0 por d
040 ## - FONTE DA CATALOGAÇÃO
Agência catalogadora BR-BrBNA
Idioma da catalogação por
072 ## - CATEGORIA AGRIS
Código AGRIS J10 ; J11 ; E16
100 ## - ENTRADA PRINCIPAL - NOME PESSOAL
Nome pessoal Zepper, Paulo
245 ## - TÍTULO PRINCIPAL
Título principal Integração total
Subtítulo Logística Agrícola - Especial
500 ## - NOTA GERAL
Nota geral 2 illus.
942 ## - ADDED ENTRY ELEMENTS (KOHA)
Koha item type Analítica
650 ## - ASSUNTO - THESAGRO
Cabeçalho tópico ou nome geográfico AGRONEGÓCIO
650 ## - ASSUNTO - THESAGRO
Cabeçalho tópico ou nome geográfico LOGÍSTICA
650 ## - ASSUNTO - THESAGRO
Cabeçalho tópico ou nome geográfico INTEGRAÇÃO
650 ## - ASSUNTO - THESAGRO
Cabeçalho tópico ou nome geográfico TRANSPORTE AÉREO
650 ## - ASSUNTO - THESAGRO
Cabeçalho tópico ou nome geográfico TRANSPORTE FERROVIÁRIO
650 ## - ASSUNTO - THESAGRO
Cabeçalho tópico ou nome geográfico TRANSPORTE FLUVIAL
650 ## - ASSUNTO - THESAGRO
Cabeçalho tópico ou nome geográfico TRANSPORTE MARÍTIMO
650 ## - ASSUNTO - THESAGRO
Cabeçalho tópico ou nome geográfico TRANSPORTE RODOVIÁRIO
650 ## - ASSUNTO - THESAGRO
Cabeçalho tópico ou nome geográfico COMMODITIES
650 ## - ASSUNTO - THESAGRO
Cabeçalho tópico ou nome geográfico CUSTO DE PRODUÇÃO
773 0# - ENTRADA ANALÍTICA
Host Biblionumber 1706
Registro do item 346353
Imprenta São Paulo-SP Editora Três Ltda - E-mail: luizfsa@revistadinheiro.com.br 2004
Outro identificador 2024-7016
Título Dinheiro Rural (Brazil)
ISSN 1807-3700
Colação v. 3(23) p. 40-41; (Sep 2006)
Número de controle de registro BR2025000541

Nenhum exemplar disponível.

BINAGRI

Telefone: (61)3218-2567/2388/3357/2097 - binagri@agro.gov.br

Ministério da Agricultura e Pecuária , Esplanada dos Ministérios, Bloco D, Anexo B, Brasília/DF, CEP: 70.043-900